Представление документа в формате MARC21

ПолеНазваниеЗначение
  Тип записи a
  Библиографический уровень m
001 Контрольный номер RU/URAIT/582766
005 Дата корректировки 20260429163649.4
008 Кодируемые данные 260429s2026 RU y f j 000 0 rus u
020 Индекс ISBN __
a ISBN 978-5-534-20054-6
c Цена, тираж 2149.00
040 Источник каталогиз. __
a Служба первич. каталог. ИКО Юрайт
c Служба, преобразующая запись ИКО Юрайт
e Правила каталог. RCR
041 Код языка издания __
a Код языка текста rus
044 Код страны публикации __
a Код страны публикации RU
080 Индекс УДК __
a Индекс УДК 004(075.8)
084 Индекс другой классификации/Индекс ББК __
2 Источник индекса rubbk
a Индекс другой классификации/Индекс ББК 32.81я73
100 Автор __
a Автор Советов Б. Я.
q Полное имя Советов Борис Яковлевич
245 Заглавие __
a Заглавие Информационные технологии
b Продолж. заглавия учебник для вузов
c Ответственность Б. Я. Советов, В. В. Цехановский.
250 Сведения об издании __
g пер. и доп
a Основные сведения об издании 8-е изд.
256 Характеристики компьютерного файла __
a Характеристики компьютерного файла Электрон. дан.
260 Выходные данные __
a Место издания Москва
b Издательство Юрайт
c Дата издания 2026
300 Физическое описание __
a Объем 414 с
440 Серия __
a Серия Высшее образование
500 Примечания __
a Примечание URL: https://urait.ru/bcode/582766 (дата обращения: 29.04.2026).
520 Аннотация __
a Аннотация В курсе изложены фундаментальные основы информатики в области информационных техноло-гий, как составляющие формирования информационного общества. Рассмотрены базовые ин-формационные процессы и их модели. Раскрыты содержание, возможности и области приме-нения базовых и прикладных информационных технологий. Предложена информационная тех-нология разработки систем. Рассмотрены области машинного обучения и нейросетей. Приведе-на инструментальная база с раскрытием программных, технических и методических средств ин-формационных технологий.
538 Прим. о системных особенностях __
a Прим. о системных особенностях Режим доступа: Электронно-библиотечная система Юрайт, для авториз. пользователей
653 Ключевые слова __
a Ключевые слова Фундаментальные и теоретические основы информатики
653 Ключевые слова __
a Ключевые слова Компьютерные и информационные науки
653 Ключевые слова __
a Ключевые слова Новые информационные технологии
653 Ключевые слова __
a Ключевые слова Информатика и информационные технологии
653 Ключевые слова __
a Ключевые слова Информационные технологии
653 Ключевые слова __
a Ключевые слова Информатика и основы компьютерных технологий
653 Ключевые слова __
a Ключевые слова Информационные технологии в металлургии
653 Ключевые слова __
a Ключевые слова Информатика, в т.ч. современные информационные технологии
653 Ключевые слова __
a Ключевые слова Информатика и информационно-коммуникационные технологии
653 Ключевые слова __
a Ключевые слова Информатика и информационные технологии в профессиональной деятельности
653 Ключевые слова __
a Ключевые слова Компьютерные технологии
653 Ключевые слова __
a Ключевые слова Основы информационных технологий
653 Ключевые слова __
a Ключевые слова Информационные технологии в профессиональной деятельности
653 Ключевые слова __
a Ключевые слова Современные информационные технологии
653 Ключевые слова __
a Ключевые слова Компьютерные технологии в науке и производстве
653 Ключевые слова __
a Ключевые слова Компьютерные технологии и информатика
653 Ключевые слова __
a Ключевые слова Основы компьютерных технологий
653 Ключевые слова __
a Ключевые слова Информатика и информационно-коммуникационные технологии в профессиональной деятельности
653 Ключевые слова __
a Ключевые слова Искусственный интеллект
653 Ключевые слова __
a Ключевые слова Основы искусственного интеллекта
653 Ключевые слова __
a Ключевые слова Информатика и современные информационные технологии
653 Ключевые слова __
a Ключевые слова Современные информационные технологии с практикумом
653 Ключевые слова __
a Ключевые слова IT-технологии
653 Ключевые слова __
a Ключевые слова Информационные технологии в машиностроении
653 Ключевые слова __
a Ключевые слова Информационные технологии анализа данных
653 Ключевые слова __
a Ключевые слова Компьютерное сопровождение профессиональной деятельности
653 Ключевые слова __
a Ключевые слова Введение в искусственный интеллект
653 Ключевые слова __
a Ключевые слова Базовые информационные технологии
653 Ключевые слова __
a Ключевые слова Информатика и цифровые технологии
653 Ключевые слова __
a Ключевые слова Информатика и инфокоммуникационные технологии
653 Ключевые слова __
a Ключевые слова Информационные технологии в профессиональной сфере
653 Ключевые слова __
a Ключевые слова Информатика, современные информационные технологии
653 Ключевые слова __
a Ключевые слова Информатика и информационно-коммуникационные технологии (ИКТ) в профессиональной деятельности
653 Ключевые слова __
a Ключевые слова IT-технологии в профессиональной деятельности
653 Ключевые слова __
a Ключевые слова Искусственный интеллект и машинное обучение
653 Ключевые слова __
a Ключевые слова Информатика и компьютерные технологии
653 Ключевые слова __
a Ключевые слова Введение в информационные технологии
653 Ключевые слова __
a Ключевые слова Введение в анализ данных
653 Ключевые слова __
a Ключевые слова Технологии анализа данных
653 Ключевые слова __
a Ключевые слова Информатика и ИКТ в профессиональной деятельности
653 Ключевые слова __
a Ключевые слова Информатика и ИКТ
653 Ключевые слова __
a Ключевые слова Информатика и современные компьютерные технологии
653 Ключевые слова __
a Ключевые слова ИКТ и медиаинформационная грамотность
653 Ключевые слова __
a Ключевые слова Информатика и ИТ
653 Ключевые слова __
a Ключевые слова Компьютерные и информационные технологии
653 Ключевые слова __
a Ключевые слова Информатика и основы информационных технологий
653 Ключевые слова __
a Ключевые слова Машинное обучение и искусственный интеллект
653 Ключевые слова __
a Ключевые слова Информатика и информационные профессиональные технологии
653 Ключевые слова __
a Ключевые слова Информационные технологии в отрасли инновационных материалов
653 Ключевые слова __
a Ключевые слова Информационные технологии в отрасли машиностроения
653 Ключевые слова __
a Ключевые слова Информационные технологии в отрасли подъемно-транспортных машин и оборудования
653 Ключевые слова __
a Ключевые слова Информатика и информационные технологии в профессиональной деятельности (лабораторный практикум)
653 Ключевые слова __
a Ключевые слова Компьютерные и информационные технологии в машиностроении
653 Ключевые слова __
a Ключевые слова Информатика и информационно-коммуникационные системы
653 Ключевые слова __
a Ключевые слова Введение в искусственный интеллект и анализ больших данных
653 Ключевые слова __
a Ключевые слова Информатика и информационно-телекоммуникационные технологии в профессиональной деятельности
653 Ключевые слова __
a Ключевые слова IT в профессиональной деятельности
653 Ключевые слова __
a Ключевые слова Информационные технологии (информатика)
653 Ключевые слова __
a Ключевые слова Информатика и ИКТ в ПД
653 Ключевые слова __
a Ключевые слова Информационные технологии в компьютерных системах
653 Ключевые слова __
a Ключевые слова Введение в искусственный интеллект и машинное обучение
653 Ключевые слова __
a Ключевые слова Основы искусственного интеллекта и машинного обучения
653 Ключевые слова __
a Ключевые слова Основы информатики и икт в профессиональной деятельности
700 Другие авторы __
a Другие авторы Цехановский В. В.
q Полное имя Цехановский Владислав Владимирович
856 Электронный адрес документа 40
n Местонахождение сервера Юрайт
g Электронная книга
q Тип электронного формата html
h Имя пользователя ЮРАЙТ
v Часы доступа к ресурсу 20271231
2 Способ доступа Показать документ
x Служебное примечание https://urait.ru/book/cover/A0E38F9E-3559-4594-8BFE-3889AFF44FB2
u URL https://urait.ru/bcode/582766
856 Электронный адрес документа 48
q Тип электронного формата cover
u URL https://urait.ru/book/cover/A0E38F9E-3559-4594-8BFE-3889AFF44FB2
911 __
u 0030=https://urait.ru/bcode/582766
911 __
u 073a=9785534200546
u 073d=2149.00
911 __
u 106a=s
911 __
u 900l=
952 Тип литературы __
i Дисциплина Новые информационные технологии
952 Тип литературы __
i Дисциплина Информатика и информационные технологии
952 Тип литературы __
i Дисциплина Информационные технологии
952 Тип литературы __
i Дисциплина Информатика и основы компьютерных технологий
952 Тип литературы __
i Дисциплина Информационные технологии в металлургии
952 Тип литературы __
i Дисциплина Информатика, в т.ч. современные информационные технологии
952 Тип литературы __
i Дисциплина Информатика и информационно-коммуникационные технологии
952 Тип литературы __
i Дисциплина Информатика и информационные технологии в профессиональной деятельности
952 Тип литературы __
i Дисциплина Компьютерные технологии
952 Тип литературы __
i Дисциплина Основы информационных технологий
952 Тип литературы __
i Дисциплина Информационные технологии в профессиональной деятельности
952 Тип литературы __
i Дисциплина Современные информационные технологии
952 Тип литературы __
i Дисциплина Компьютерные технологии в науке и производстве
952 Тип литературы __
i Дисциплина Компьютерные технологии и информатика
952 Тип литературы __
i Дисциплина Основы компьютерных технологий
952 Тип литературы __
i Дисциплина Информатика и информационно-коммуникационные технологии в профессиональной деятельности
952 Тип литературы __
i Дисциплина Искусственный интеллект
952 Тип литературы __
i Дисциплина Основы искусственного интеллекта
952 Тип литературы __
i Дисциплина Информатика и современные информационные технологии
952 Тип литературы __
i Дисциплина Современные информационные технологии с практикумом
952 Тип литературы __
i Дисциплина IT-технологии
952 Тип литературы __
i Дисциплина Информационные технологии в машиностроении
952 Тип литературы __
i Дисциплина Информационные технологии анализа данных
952 Тип литературы __
i Дисциплина Компьютерное сопровождение профессиональной деятельности
952 Тип литературы __
i Дисциплина Введение в искусственный интеллект
952 Тип литературы __
i Дисциплина Базовые информационные технологии
952 Тип литературы __
i Дисциплина Информатика и цифровые технологии
952 Тип литературы __
i Дисциплина Информатика и инфокоммуникационные технологии
952 Тип литературы __
i Дисциплина Информационные технологии в профессиональной сфере
952 Тип литературы __
i Дисциплина Информатика, современные информационные технологии
952 Тип литературы __
i Дисциплина Информатика и информационно-коммуникационные технологии (ИКТ) в профессиональной деятельности
952 Тип литературы __
i Дисциплина IT-технологии в профессиональной деятельности
952 Тип литературы __
i Дисциплина Искусственный интеллект и машинное обучение
952 Тип литературы __
i Дисциплина Информатика и компьютерные технологии
952 Тип литературы __
i Дисциплина Введение в информационные технологии
952 Тип литературы __
i Дисциплина Введение в анализ данных
952 Тип литературы __
i Дисциплина Технологии анализа данных
952 Тип литературы __
i Дисциплина Информатика и ИКТ в профессиональной деятельности
952 Тип литературы __
i Дисциплина Информатика и ИКТ
952 Тип литературы __
i Дисциплина Информатика и современные компьютерные технологии
952 Тип литературы __
i Дисциплина ИКТ и медиаинформационная грамотность
952 Тип литературы __
i Дисциплина Информатика и ИТ
952 Тип литературы __
i Дисциплина Компьютерные и информационные технологии
952 Тип литературы __
i Дисциплина Информатика и основы информационных технологий
952 Тип литературы __
i Дисциплина Машинное обучение и искусственный интеллект
952 Тип литературы __
i Дисциплина Информатика и информационные профессиональные технологии
952 Тип литературы __
i Дисциплина Информационные технологии в отрасли инновационных материалов
952 Тип литературы __
i Дисциплина Информационные технологии в отрасли машиностроения
952 Тип литературы __
i Дисциплина Информационные технологии в отрасли подъемно-транспортных машин и оборудования
952 Тип литературы __
i Дисциплина Информатика и информационные технологии в профессиональной деятельности (лабораторный практикум)
952 Тип литературы __
i Дисциплина Компьютерные и информационные технологии в машиностроении
952 Тип литературы __
i Дисциплина Информатика и информационно-коммуникационные системы
952 Тип литературы __
i Дисциплина Введение в искусственный интеллект и анализ больших данных
952 Тип литературы __
i Дисциплина Информатика и информационно-телекоммуникационные технологии в профессиональной деятельности
952 Тип литературы __
i Дисциплина IT в профессиональной деятельности
952 Тип литературы __
i Дисциплина Информационные технологии (информатика)
952 Тип литературы __
i Дисциплина Информатика и ИКТ в ПД
952 Тип литературы __
i Дисциплина Информационные технологии в компьютерных системах
952 Тип литературы __
i Дисциплина Введение в искусственный интеллект и машинное обучение
952 Тип литературы __
i Дисциплина Основы искусственного интеллекта и машинного обучения
952 Тип литературы __
i Дисциплина Основы информатики и икт в профессиональной деятельности